000 00937nam a22001817a 4500
999 _c63360
_d63360
003 Ge_BSU
005 20250924193738.0
008 250924s1987 ge ||||| |||| 00| 0 geo d
041 _ageo
080 _a330.111.6 კ-93
100 _aკურტანიძე, დავით
_924962
245 _aსოციალიზმამდელი წარმოებითი ურთიერთობების განვითარების კანონზომიერებანი /
_cდავით კურტანიძე ; [რედ.: ნ. გვიშიანი].
264 _aთბილისი :
_bთბილ. უნ-ტის გამ-ბა,
_c1987.
300 _a501 გვ. ;
_b21 სმ.
653 _aწარმოებითი ურთიერთობები
700 _aკალანდაძე, გივი
_eავტორი
_98162
942 _2udc
_cᲬᲘᲒᲜᲘ